00435nam a2200181Ia 4500008004100000020001800041050001800059050001600077100001800093245002600111245001900137260001500156260002000171260001100191300001500202300001100217650002500228180523s9999 xx 000 0 und d a971-08-5074-1 aMAIN HF 5386  b.H55 [n.d.] aNapoleon Hill 0aThink and grow rich / 0cNapoleon Hill. aNew York : bHawthorn Books, c[n.d.] a48 pages : c17 cm. aSuccess in business.